Selwyn's law of employment / (Record no. 3570)

MARC details
000 -LEADER
fixed length control field 01905cam a22003374a 4500
001 - CONTROL NUMBER
control field 15295213
003 - CONTROL NUMBER IDENTIFIER
control field OSt
005 - DATE AND TIME OF LATEST TRANSACTION
control field 20230704084606.0
008 - FIXED-LENGTH DATA ELEMENTS--GENERAL INFORMATION
fixed length control field 080509s2008 enk 001 0 eng
010 ## - LIBRARY OF CONGRESS CONTROL NUMBER
LC control number 2008021289
020 ## - INTERNATIONAL STANDARD BOOK NUMBER
International Standard Book Number 9780199235865
040 ## - CATALOGING SOURCE
Original cataloging agency DLC
Transcribing agency DLC
Modifying agency DLC
043 ## - GEOGRAPHIC AREA CODE
Geographic area code e-uk---
050 00 - LIBRARY OF CONGRESS CALL NUMBER
Classification number KD3040
Item number .S4 2008
082 00 - DEWEY DECIMAL CLASSIFICATION NUMBER
Classification number 344.4101
Edition number 22
Item number SEL
100 1# - MAIN ENTRY--PERSONAL NAME
Personal name Selwyn, Norman M.
245 10 - TITLE STATEMENT
Title Selwyn's law of employment /
Statement of responsibility, etc. Norman Selwyn.
246 30 - VARYING FORM OF TITLE
Title proper/short title Law of employment
250 ## - EDITION STATEMENT
Edition statement 4th ed.
260 ## - PUBLICATION, DISTRIBUTION, ETC. (IMPRINT)
Place of publication, distribution, etc. Oxford ;
-- New York :
Name of publisher, distributor, etc. Oxford University Press,
Date of publication, distribution, etc. 2008.
300 ## - PHYSICAL DESCRIPTION
Extent cv, 636 p. ;
Dimensions 25 cm.
500 ## - GENERAL NOTE
General note Includes index.
500 ## - GENERAL NOTE
General note Vols. for 2011- cataloged as a serial in LC.
Institution to which field applies DLC
505 0# - FORMATTED CONTENTS NOTE
Formatted contents note The institutions of employment law -- The nature of a contract of employment -- The formation of a contract of employment -- Discrimination in employment -- Equal pay -- Maternity, paternity and parental rights -- Employment protection -- Protection of wages -- Transfer of undertakings -- Performance of the contract of employment -- Health and safety at work -- Disciplinary, dismissal and grievance procedures -- Continuous employment -- Normal working hours and a week's pay -- Rights in notice -- Wrongful dismissal -- Unfair dismissal -- Redundancy -- Duties of ex-employees -- Practice and procedure -- Individual trade union rights -- The law relating to trade unions -- Law relating to industrial relations.
650 #0 - SUBJECT ADDED ENTRY--TOPICAL TERM
Topical term or geographic name as entry element Labor laws and legislation
Geographic subdivision Great Britain.
650 #0 - SUBJECT ADDED ENTRY--TOPICAL TERM
Topical term or geographic name as entry element Labor contract
Geographic subdivision Great Britain.
856 41 - ELECTRONIC LOCATION AND ACCESS
Materials specified Table of contents only
Uniform Resource Identifier <a href="http://www.loc.gov/catdir/toc/ecip0818/2008021289.html">http://www.loc.gov/catdir/toc/ecip0818/2008021289.html</a>
906 ## - LOCAL DATA ELEMENT F, LDF (RLIN)
a 7
b cbc
c orignew
d 1
e ecip
f 20
g y-gencatlg
942 ## - ADDED ENTRY ELEMENTS (KOHA)
Source of classification or shelving scheme Dewey Decimal Classification
Koha item type Books
Holdings
Withdrawn status Lost status Source of classification or shelving scheme Damaged status Not for loan Home library Current library Date acquired Total Checkouts Full call number Barcode Date last seen Price effective from Koha item type
    Dewey Decimal Classification     County Hall Archives County Hall Archives 07/04/2023   344.4101 SEL 10001193 07/04/2023 07/04/2023 Books
LIBRARY OPENING HOURS

When the Parliament is sitting: 8.00a.m - 7.00p.m or until the house adjourns
Mondays and Fridays and when the House is on Recess:  8.00a.m - 5.00p.m
Closed on Weekends and Public Holidays

Online Public Access Catalog (OPAC)
Website: http://www.parliament.go.ke
Bunge Library: https://libraryir.parliament.go.ke
Contact: library@parliament.go.ke | Tel no: (254-2)2221291 or 2848000 Ext 5043